| 000 | 00561nam a22001937a 4500 | ||
|---|---|---|---|
| 003 | KOHA_MİRAKIL | ||
| 005 | 20250411134306.0 | ||
| 008 | 250411b tu ||||| |||| 00| 0 tur d | ||
| 020 | _a9786052112830 | ||
| 040 |
_aTR-AnABB _btur _cTR-AnABB |
||
| 041 | _atur | ||
| 082 |
_a818.42 _bNEY 2019 |
||
| 100 | 1 | _aNeydim, Necdet, | |
| 245 | 1 | 0 |
_aÇocukluğum nerede saklı / _cNecdet Neydim |
| 260 |
_aİstanbul : _bBilgiyolu Kültür Eğitim Yayıncılık, _c2019 |
||
| 300 |
_a480 sayfa ; _c21 cm |
||
| 650 | 0 | 4 | _aTürk edebiyatı, roman |
| 942 |
_2ddc _cBK |
||
| 999 |
_c8643 _d8643 |
||
| 900 | _bGizem YORULMAZ | ||